[Event "Frankfurter Stadtmeisterschaft 2026 A"]
[Site "Frankfurt am Main"]
[Date "2026.05.11"]
[Round "3.1"]
[White "Dietze, Frank"]
[Black "Poetsch, Hagen"]
[Result "1/2-1/2"]
[WhiteElo "2051"]
[BlackElo "2478"]
[PlyCount "143"]
[GameId "2306481992724490"]
[EventDate "2026.04.27"]
[WhiteTeam "Wiesbadener SV 1885"]
[BlackTeam "SC Heusenstamm"]

1. d4 d5 2. c4 e5 3. dxe5 d4 4. Nf3 Nc6 5. g3 Nge7 6. Bg2 Ng6 7. O-O Ngxe5 8. Nbd2 Be7 9. b3 Ng6 10. Bb2 O-O 11. h4 Re8 12. Ne4 f5 13. Neg5 Bf6 14. Qd2 f4 15. gxf4 h6 16. h5 Nxf4 17. Qxf4 hxg5 18. Qd2 Bg4 19. h6 gxh6 20. Rad1 d3 21. exd3 Bxb2 22. Qxb2 Rf8 23. Ne5 Qf6 24. Rde1 Nxe5 25. Rxe5 Bf3 26. Bxf3 Qxf3 27. Re3 Qg4+ 28. Rg3 Qf4 29. Re1 Rae8 30. Rxe8 Rxe8 31. Kg2 Re1 32. Qc2 Qh4 33. Rh3 Qg4+ 34. Rg3 Qh4 35. Rh3 Qd4 36. Qd2 Qa1 37. Rxh6 Rg1+ 38. Kf3 Qd4 39. Ke2 Qg4+ 40. Ke3 Qf4+ 41. Ke2 Qg4+ 42. Ke3 Kg7 43. Qc3+ Kxh6 44. Qh8+ Kg6 45. Qg8+ Kf6 46. Qf8+ Ke6 47. Qe8+ Kd6 48. Qf8+ Kc6 49. Qf6+ Kc5 50. Qe7+ Kb6 51. Qb4+ Kc6 52. Qb5+ Kd6 53. Qd5+ Ke7 54. Qc5+ Ke8 55. Qe5+ Kd7 56. Qg7+ Kd6 57. Qf8+ Kc6 58. Qf6+ Kc5 59. Qe7+ Kb6 60. Qb4+ Kc6 61. Qb5+ Kd6 62. Qd5+ Ke7 63. Qc5+ Ke6 64. Qd5+ Kf6 65. Qd8+ Kf7 66. Qxc7+ Ke8 67. Qe5+ Kf7 68. Qc7+ Kg6 69. Qd6+ Kh5 70. Qh2+ Kg6 71. Qd6+ Kh5 72. Qh2+ 1/2-1/2

[Event "Frankfurter Stadtmeisterschaft 2026 A"]
[Site "Frankfurt am Main"]
[Date "2026.05.11"]
[Round "3.2"]
[White "Karsay, Pascal"]
[Black "Blum, Ralph"]
[Result "1-0"]
[WhiteElo "2412"]
[BlackElo "2064"]
[PlyCount "85"]
[GameId "2306481993084939"]
[EventDate "2026.04.27"]
[WhiteTeam "SV Worms 1878"]
[BlackTeam "SV 1934 Ffm-Griesheim"]

1. d4 d5 2. c4 e6 3. Nf3 Nf6 4. g3 c6 5. Bg2 Be7 6. O-O O-O 7. Nc3 Nbd7 8. Qd3 b6 9. e4 dxe4 10. Nxe4 Nxe4 11. Qxe4 Bb7 12. Rd1 Nf6 13. Qe2 Qc7 14. Bf4 Bd6 15. Bxd6 Qxd6 16. Ne5 Rac8 17. a3 Qe7 18. b4 Rfd8 19. c5 Nd5 20. Rac1 b5 21. Qb2 Qc7 22. a4 a6 23. Ra1 Ne7 24. h4 Ra8 25. Be4 Nd5 26. Ra3 Nf6 27. Bf3 Nd5 28. Re1 Nf6 29. axb5 axb5 30. Rea1 Nd5 31. Rxa8 Bxa8 32. Qa3 f6 33. Nd3 Bb7 34. Bxd5 exd5 35. Qa5 Qd7 36. Qb6 Re8 37. Ra7 Re7 38. Kg2 h6 39. h5 Kh7 40. Nf4 Rf7 41. Ng6 Qf5 42. Rxb7 Qe4+ 43. Kh2 1-0

[Event "Frankfurter Stadtmeisterschaft 2026 A"]
[Site "Frankfurt am Main"]
[Date "2026.05.11"]
[Round "3.3"]
[White "Teschler, Ulrich"]
[Black "Neukirchner, Pascal"]
[Result "0-1"]
[WhiteElo "1961"]
[BlackElo "2318"]
[PlyCount "70"]
[GameId "2306481993101324"]
[EventDate "2026.04.27"]
[WhiteTeam "SV 1926 Fechenheim"]
[BlackTeam "Heilbronner SV"]

1. c4 Nf6 2. Nc3 g6 3. Nf3 Bg7 4. g3 c5 5. Bg2 Nc6 6. d3 O-O 7. O-O d5 8. cxd5 Nxd5 9. Bd2 b6 10. Nxd5 Qxd5 11. Bc3 Bb7 12. Ne5 Qe6 13. Nxc6 Bxc6 14. Bxc6 Qxc6 15. Bxg7 Kxg7 16. Qc2 Qd6 17. Qc3+ e5 18. Rad1 h5 19. e3 Rad8 20. f4 f6 21. fxe5 fxe5 22. Rxf8 Rxf8 23. d4 Qf6 24. Qd2 h4 25. dxe5 Qxe5 26. gxh4 Qe4 27. Qe2 Qxh4 28. e4 Qe7 29. Qe3 Qe6 30. Qc3+ Kh7 31. Qd3 Qxa2 32. Qh3+ Kg8 33. Qg3 Qxb2 34. e5 Qc2 35. Rd3 Qc1+ 0-1

[Event "Frankfurter Stadtmeisterschaft 2026 A"]
[Site "Frankfurt am Main"]
[Date "2026.05.11"]
[Round "3.4"]
[White "Nehmert, Ulrich"]
[Black "Lenhard, Martin"]
[Result "1-0"]
[WhiteElo "2256"]
[BlackElo "2004"]
[PlyCount "91"]
[GameId "2306481993101325"]
[EventDate "2026.04.27"]
[WhiteTeam "Wiesbadener SV 1885"]
[BlackTeam "SV 1920 Hofheim"]

1. d4 Nf6 2. c4 e6 3. Nc3 Bb4 4. e3 O-O 5. Bd2 d5 6. a3 Be7 7. Rc1 Nbd7 8. c5 e5 9. Bd3 Re8 10. Nge2 exd4 11. exd4 Nf8 12. O-O Bg4 13. f3 Bh5 14. Nf4 c6 15. Re1 Qc7 16. b4 Bg6 17. Nxg6 Nxg6 18. g3 Nd7 19. Bf5 Bf6 20. Be3 Ndf8 21. Bf2 Re7 22. h4 Ne6 23. Bxe6 Rxe6 24. Rxe6 fxe6 25. f4 Ne7 26. Qe2 Qd7 27. Rd1 g6 28. Kg2 h5 29. b5 Kf7 30. a4 Nf5 31. Qd3 Rb8 32. Rc1 Re8 33. Ne2 Rc8 34. Ng1 Ra8 35. Nf3 a6 36. bxc6 Qxc6 37. Rb1 Rb8 38. Rb6 Qc7 39. Qb1 Ne7 40. Be3 Nc6 41. f5 exf5 42. Bf4 Qe7 43. Bxb8 Qe2+ 44. Kh3 Qxf3 45. Rxb7+ Kg8 46. Qe1 1-0

[Event "Frankfurter Stadtmeisterschaft 2026 A"]
[Site "Frankfurt am Main"]
[Date "2026.05.11"]
[Round "3.5"]
[White "Pozegic, Semso"]
[Black "Leimeister, Erhard"]
[Result "1/2-1/2"]
[WhiteElo "1913"]
[BlackElo "2209"]
[PlyCount "45"]
[GameId "2306481993109518"]
[EventDate "2026.04.27"]
[WhiteTeam "SF Frankfurt 1921"]
[BlackTeam "SV 1934 Ffm-Griesheim"]

1. e4 c5 2. Nf3 g6 3. d4 cxd4 4. Nxd4 Nc6 5. Nc3 Bg7 6. Be3 Nf6 7. f3 O-O 8. Qd2 d5 9. O-O-O Nxd4 10. Bxd4 dxe4 11. fxe4 Be6 12. Kb1 Qa5 13. Nd5 Qxd2 14. Nxf6+ Bxf6 15. Rxd2 Rfd8 16. c3 Rd6 17. Be2 Rad8 18. Rhd1 Bg5 19. Rc2 Be3 20. Bxe3 Rxd1+ 21. Bxd1 Rxd1+ 22. Rc1 Rd3 23. Bxa7 1/2-1/2

[Event "Frankfurter Stadtmeisterschaft 2026 A"]
[Site "Frankfurt am Main"]
[Date "2026.05.11"]
[Round "3.6"]
[White "Beinrucker, Clemens"]
[Black "Karpasyuk, Yevgen"]
[Result "0-1"]
[WhiteElo "1951"]
[BlackElo "2100"]
[PlyCount "110"]
[GameId "2306481993117711"]
[EventDate "2026.04.27"]
[WhiteTeam "SK Niederbrechen 1948"]
[BlackTeam "SAbt TuS Makkabi Ffm"]

1. e4 c5 2. Nc3 Nc6 3. Bb5 Nd4 4. Nf3 a6 5. Bd3 Nc6 6. Nd5 e6 7. Ne3 d6 8. O-O g6 9. c3 Bg7 10. Bc2 Nge7 11. a3 d5 12. exd5 exd5 13. Re1 d4 14. Nc4 O-O 15. Nce5 Be6 16. c4 Nxe5 17. Nxe5 Bxe5 18. Rxe5 Qd6 19. Qe2 Bxc4 20. d3 Nc6 21. f4 Bd5 22. Rg5 Rfe8 23. Qf2 f5 24. Bd2 Re7 25. Rf1 Rae8 26. Bd1 b6 27. h4 Rg7 28. h5 Nd8 29. h6 Rge7 30. Rg3 Nf7 31. Rh3 Qf6 32. Re1 Rxe1+ 33. Bxe1 Qe7 34. Bd2 Nd8 35. Qg3 Kf7 36. Kf2 Nc6 37. Rh1 Qf6 38. Qh3 Nb8 39. Re1 Rxe1 40. Bxe1 Nd7 41. Kf1 Qd6 42. Bd2 Nf6 43. g4 fxg4 44. Bxg4 Qc6 45. Kf2 Qb5 46. f5 Qxb2 47. fxg6+ Kxg6 48. Bf5+ Kf7 49. Ke2 c4 50. dxc4 Bxc4+ 51. Ke1 Qa1+ 52. Kf2 Qd1 53. Bg5 Qe2+ 54. Kg1 Qe1+ 55. Kh2 Qf2+ 0-1

[Event "Frankfurter Stadtmeisterschaft 2026 A"]
[Site "Frankfurt am Main"]
[Date "2026.05.11"]
[Round "3.7"]
[White "Reus, Rudolf"]
[Black "Zimmer, Gerald"]
[Result "0-1"]
[WhiteElo "2207"]
[BlackElo "1951"]
[PlyCount "88"]
[GameId "2306481993117712"]
[EventDate "2026.04.27"]
[WhiteTeam "Sfr.Mainz 1928"]
[BlackTeam "SC Bergen-Enkheim 1922"]

1. c4 c5 2. Nc3 Nc6 3. Nf3 Nf6 4. e3 g6 5. d4 cxd4 6. exd4 d5 7. c5 Bg7 8. Bb5 O-O 9. O-O Bg4 10. Bxc6 bxc6 11. h3 Bxf3 12. Qxf3 Nd7 13. Be3 Rb8 14. Rab1 e5 15. Qd1 Qa5 16. Ne2 Rfe8 17. dxe5 Bxe5 18. Nd4 Bxd4 19. Bxd4 Qb4 20. a3 Qb3 21. Qg4 f5 22. Qg5 Re4 23. Rfd1 Rbe8 24. Rd2 a5 25. f3 R4e6 26. Rc1 a4 27. h4 Qb8 28. h5 Qd8 29. Qf4 Qe7 30. Bf2 Ra8 31. Rdd1 Nf6 32. hxg6 hxg6 33. Re1 Nh5 34. Rxe6 Qxe6 35. Qd6 Re8 36. Re1 Qxd6 37. cxd6 Rxe1+ 38. Bxe1 Nf6 39. Bc3 Nd7 40. f4 c5 41. b3 axb3 42. a4 Kf7 43. a5 d4 44. Bb2 Ke6 0-1

[Event "Frankfurter Stadtmeisterschaft 2026 A"]
[Site "Frankfurt am Main"]
[Date "2026.05.11"]
[Round "3.8"]
[White "Ottenburg, Ralph"]
[Black "Dolidze, David"]
[Result "0-1"]
[WhiteElo "1953"]
[BlackElo "2073"]
[PlyCount "60"]
[GameId "2306481993125905"]
[EventDate "2026.04.27"]
[WhiteTeam "Sabt Frankfurter TV 1860"]
[BlackTeam "SC Eschborn 1974"]

1. e4 c6 2. Nf3 d5 3. exd5 cxd5 4. Ne5 Nf6 5. d4 a6 6. Bd3 g6 7. O-O Bg7 8. c3 O-O 9. f4 Bf5 10. Nd2 Bxd3 11. Nxd3 e6 12. Qe2 Nbd7 13. Ne5 Qc7 14. g4 Rab8 15. g5 Ne8 16. Ndf3 Nd6 17. Nxd7 Qxd7 18. h4 Nf5 19. Qh2 b5 20. h5 Rfc8 21. hxg6 hxg6 22. Ne5 Bxe5 23. fxe5 Kg7 24. Rf3 Rh8 25. Rh3 Rxh3 26. Qxh3 b4 27. Bd2 bxc3 28. Qxc3 Qb5 29. Qb3 Qe2 30. Qxb8 Nh4 0-1

[Event "Frankfurter Stadtmeisterschaft 2026 A"]
[Site "Frankfurt am Main"]
[Date "2026.05.11"]
[Round "3.9"]
[White "Shanawaz Thabrez, Shahzaib"]
[Black "Rabiya, Karim"]
[Result "1/2-1/2"]
[WhiteElo "2058"]
[BlackElo "1786"]
[PlyCount "86"]
[GameId "2306481993134098"]
[EventDate "2026.04.27"]
[WhiteTeam "SK Langen"]
[BlackTeam "SK Niederbrechen 1948"]

1. e4 e5 2. Nf3 Nc6 3. Bc4 Nf6 4. d3 Bc5 5. c3 d6 6. O-O O-O 7. Re1 Re8 8. Nbd2 Ne7 9. d4 Bb6 10. dxe5 Ng4 11. Re2 Ng6 12. Nf1 N4xe5 13. Nxe5 Nxe5 14. Qb3 Bg4 15. Re1 Nxc4 16. Qxc4 d5 17. Qd3 dxe4 18. Qg3 Bh5 19. Be3 c6 20. Bxb6 Qxb6 21. b3 Rad8 22. Ne3 Rd6 23. Qg5 Bg6 24. c4 Qd4 25. h4 h6 26. Qf4 Qe5 27. Qxe5 Rxe5 28. Rad1 f5 29. g3 Bh5 30. Rc1 g5 31. hxg5 hxg5 32. g4 Bg6 33. gxf5 Bxf5 34. Nxf5 Rxf5 35. Rxe4 Rd2 36. Re8+ Kf7 37. Rce1 Rfxf2 38. R1e6 Kg7 39. a3 g4 40. Rb8 Rf7 41. Re4 Rd1+ 42. Kg2 Rd2+ 43. Kg1 Rd1+ 1/2-1/2

[Event "Frankfurter Stadtmeisterschaft 2026 A"]
[Site "Frankfurt am Main"]
[Date "2026.05.11"]
[Round "3.12"]
[White "Reschke, Thomas"]
[Black "Rondonuwu, Grover"]
[Result "1/2-1/2"]
[WhiteElo "2030"]
[BlackElo "2004"]
[PlyCount "83"]
[GameId "2306481993146389"]
[EventDate "2026.04.27"]
[WhiteTeam "SC Frankfurt-West"]
[BlackTeam "Sabt Frankfurter TV 1860"]

1. c4 c6 2. Nf3 d5 3. g3 Nf6 4. Bg2 Bf5 5. O-O e6 6. cxd5 exd5 7. d3 Be7 8. Qb3 Qb6 9. Qc2 Nbd7 10. Nc3 O-O 11. e4 dxe4 12. dxe4 Bg6 13. Be3 Qa5 14. Nh4 Rfe8 15. Nxg6 hxg6 16. h3 Bc5 17. Bd2 Qc7 18. Kh2 Rad8 19. f4 Nf8 20. e5 N6d7 21. Ne4 Be7 22. Rae1 Ne6 23. Bc3 Ndc5 24. Nd6 Bxd6 25. exd6 Qxd6 26. f5 gxf5 27. Qxf5 Qc7 28. b4 Na4 29. Be5 Qe7 30. Qg4 Qg5 31. Qf3 Qg6 32. h4 f6 33. Ba1 Nb6 34. Bh3 Qf7 35. Qg4 Nf8 36. Rxe8 Rxe8 37. Bxf6 Qg6 38. Bd4 Qxg4 39. Bxg4 Re4 40. Bc5 Nfd7 41. Bf3 Rc4 42. Re1 1/2-1/2

[Event "Frankfurter Stadtmeisterschaft 2026 A"]
[Site "Frankfurt am Main"]
[Date "2026.05.11"]
[Round "3.13"]
[White "Dieter, Jürgen"]
[Black "May, Franz"]
[Result "0-1"]
[WhiteElo "1757"]
[BlackElo "1720"]
[PlyCount "80"]
[GameId "2306481993146390"]
[EventDate "2026.04.27"]
[WhiteTeam "Wiesbadener SV 1885"]
[BlackTeam "Freibauer Mörlenbach-Birkenau"]

1. e4 c5 2. Nf3 Nc6 3. d4 cxd4 4. Nxd4 Nf6 5. Nc3 e5 6. Ndb5 d6 7. Bg5 a6 8. Na3 b5 9. Bxf6 gxf6 10. Nd5 f5 11. Bd3 Qg5 12. Rg1 Kd8 13. c3 fxe4 14. Bxe4 f5 15. Bc2 Bb7 16. Qd2 Qxd2+ 17. Kxd2 Bh6+ 18. Ne3 Kc7 19. Ke2 Ne7 20. Nxf5 Nxf5 21. Bxf5 Raf8 22. g4 Bf4 23. h3 h5 24. Nc2 Bh2 25. Rge1 Bf4 26. Ne3 Bxe3 27. Kxe3 Bg2 28. f3 Bxh3 29. Rh1 hxg4 30. Bxg4 Bxg4 31. fxg4 Rhg8 32. Rhg1 Rf4 33. g5 Rf5 34. Ke4 Rfxg5 35. Rh1 Kc6 36. Rad1 d5+ 37. Ke3 Rg3+ 38. Kf2 e4 39. Rde1 Kc5 40. Ke2 Rg2+ 0-1

[Event "Frankfurter Stadtmeisterschaft 2026 A"]
[Site "Frankfurt am Main"]
[Date "2026.05.11"]
[Round "3.14"]
[White "Steigleder, Maximilian"]
[Black "Wagner, Günter"]
[Result "1-0"]
[WhiteElo "2087"]
[BlackElo "1810"]
[PlyCount "71"]
[GameId "2306481993154583"]
[EventDate "2026.04.27"]
[WhiteTeam "Sfr.1932 Kelkheim"]
[BlackTeam "SV 1946 Groß-Gerau"]

1. e4 d6 2. d4 Nf6 3. Nc3 e5 4. Nf3 exd4 5. Qxd4 Nc6 6. Bb5 a6 7. Bxc6+ bxc6 8. Bg5 Be7 9. e5 dxe5 10. Qxd8+ Bxd8 11. Nxe5 Bb7 12. O-O-O Nd5 13. Bxd8 Rxd8 14. Na4 f6 15. Nc5 fxe5 16. Nxb7 Rb8 17. Na5 Nb4 18. c3 Nxa2+ 19. Kc2 O-O 20. Rd2 Rb5 21. Nxc6 Rc5 22. Nd8 Rf6 23. Kb1 Ra5 24. Rhd1 Rb6 25. Kc2 Rc5 26. Rd7 Nb4+ 27. Kb1 Nc6 28. Ne6 Rcb5 29. Rxg7+ Kh8 30. Rdd7 Rxb2+ 31. Kc1 Rb1+ 32. Kd2 R6b2+ 33. Ke3 Re1+ 34. Kf3 Nd4+ 35. cxd4 e4+ 36. Kg4 1-0

[Event "Frankfurter Stadtmeisterschaft 2026 A"]
[Site "Frankfurt am Main"]
[Date "2026.05.11"]
[Round "3.15"]
[White "Hochmuth, Christian"]
[Black "Rauscher, Joachim"]
[Result "1-0"]
[WhiteElo "2000"]
[BlackElo "1761"]
[PlyCount "59"]
[GameId "2306481993154584"]
[EventDate "2026.04.27"]
[WhiteTeam "Schachdrachen Büdingen-Wächtersb"]
[BlackTeam "SC Brett vorm Kopp Ffm"]

1. d4 d5 2. c4 e6 3. Nf3 Nf6 4. Nc3 Be7 5. Bf4 O-O 6. e3 b6 7. Bd3 Bb7 8. cxd5 Nxd5 9. Nxd5 Bxd5 10. Qc2 Bb4+ 11. Ke2 f5 12. Qxc7 Qxc7 13. Bxc7 Nd7 14. Rhc1 Nf6 15. a3 Be7 16. h3 Ne4 17. Be5 Bf6 18. Bxf6 Nxf6 19. Rc7 Bxf3+ 20. Kxf3 Nd5 21. Rc6 Rae8 22. Rac1 Kh8 23. Bc4 g5 24. Ke2 f4 25. e4 f3+ 26. gxf3 Nf4+ 27. Kf1 Nxh3 28. Bxe6 Rxf3 29. Kg2 Rf6 30. Bxh3 1-0

[Event "Frankfurter Stadtmeisterschaft 2026 A"]
[Site "Frankfurt am Main"]
[Date "2026.05.11"]
[Round "3.16"]
[White "Gräbner, Walter"]
[Black "Roth, Daniel"]
[Result "0-1"]
[WhiteElo "2034"]
[BlackElo "1804"]
[PlyCount "66"]
[GameId "2306481993162777"]
[EventDate "2026.04.27"]
[WhiteTeam "SC 1961 König Nied"]
[BlackTeam "SC Matt im Park Ffm"]

1. d4 d5 2. c4 e6 3. Nf3 Nf6 4. Nc3 Be7 5. Bg5 h6 6. Bh4 O-O 7. e3 b6 8. Bd3 Bb7 9. O-O dxc4 10. Bxc4 Nbd7 11. Qe2 Ne4 12. Bxe7 Qxe7 13. Nxe4 Bxe4 14. Rfd1 Rfd8 15. Bd3 Bxd3 16. Rxd3 c5 17. Rc3 e5 18. dxc5 Nxc5 19. Rac1 f6 20. e4 Kh8 21. Nh4 Qb7 22. f3 Ne6 23. Nf5 Rac8 24. g3 Rxc3 25. Rxc3 Qd7 26. Ne3 Nd4 27. Qd1 Qb5 28. Rc2 Rd7 29. Rc8+ Kh7 30. Kf2 Qxb2+ 31. Rc2 Nxc2 32. Qxd7 Nd4+ 33. Kg1 Qe2 0-1

[Event "Frankfurter Stadtmeisterschaft 2026 A"]
[Site "Frankfurt am Main"]
[Date "2026.05.11"]
[Round "3.17"]
[White "Zeyen, Helmut"]
[Black "Mayer, Frank"]
[Result "0-1"]
[WhiteElo "1822"]
[BlackElo "1944"]
[PlyCount "29"]
[GameId "2306481993170970"]
[EventDate "2026.04.27"]
[WhiteTeam "Wiesbadener SV 1885"]
[BlackTeam "Wiesbadener SV 1885"]

{[%mdl 512]} 1. e4 c5 2. f4 e6 3. Nf3 Nc6 4. c3 Nf6 5. d3 d5 6. e5 Nd7 7. Na3 Be7 8. Nc2 O-O 9. Be3 b5 10. Be2 a5 11. O-O b4 12. c4 d4 13. Bd2 Bb7 14. Ng5 Bxg5 15. fxg5 0-1

[Event "Frankfurter Stadtmeisterschaft 2026 A"]
[Site "Frankfurt am Main"]
[Date "2026.05.11"]
[Round "3.19"]
[White "Brauch, Manfred"]
[Black "Döhne, Vincent"]
[Result "0-1"]
[WhiteElo "1799"]
[BlackElo "1867"]
[PlyCount "76"]
[GameId "2306481993179164"]
[EventDate "2026.04.27"]
[WhiteTeam "Wiesbadener SV 1885"]
[BlackTeam "SC 1979 Hattersheim"]

1. d4 Nf6 2. Nf3 c5 3. e3 d5 4. Nbd2 e6 5. b3 cxd4 6. exd4 g6 7. Bd3 Nc6 8. O-O Qb6 9. c3 Bd7 10. Re1 Qa5 11. Bb2 Bg7 12. a4 O-O 13. Bb5 Ne7 14. b4 Qc7 15. Bd3 a6 16. Qe2 Rfe8 17. Ne5 Nh5 18. g3 Bc8 19. a5 f6 20. Ng4 e5 21. dxe5 fxe5 22. Ne3 e4 23. Bb1 Bd7 24. Ba2 Qe5 25. Nb3 Bb5 26. Qd1 Ba4 27. Qd2 Bxb3 28. Bxb3 Rad8 29. Ng4 Qe6 30. h3 Nf6 31. Nxf6+ Bxf6 32. Qf4 Kg7 33. h4 Rf8 34. Qe3 Qh3 35. Rad1 Nf5 36. Qb6 Be5 37. Re3 Nxh4 38. Qxb7+ Kh8 0-1

[Event "Frankfurter Stadtmeisterschaft 2026 A"]
[Site "Frankfurt am Main"]
[Date "2026.05.11"]
[Round "3.20"]
[White "Raumanns, Niklas"]
[Black "Dohmes, Swidbert"]
[Result "1-0"]
[WhiteElo "1850"]
[BlackElo "1808"]
[PlyCount "65"]
[GameId "2306481993187357"]
[EventDate "2026.04.27"]
[WhiteTeam "SC Bergen-Enkheim 1922"]
[BlackTeam "SV 1920 Hofheim"]

1. b3 d5 2. Bb2 Nf6 3. e3 e6 4. Nf3 Be7 5. c4 c5 6. g3 O-O 7. Bg2 Nc6 8. O-O d4 9. exd4 Nxd4 10. Nxd4 cxd4 11. d3 e5 12. h3 Rb8 13. Nd2 b6 14. Kh2 Bb7 15. Bxb7 Rxb7 16. f4 Bd6 17. fxe5 Bxe5 18. Qf3 Re7 19. Rae1 Bd6 20. Rxe7 Bxe7 21. Qf4 Bb4 22. Nf3 Bc3 23. Bxc3 dxc3 24. d4 Qe7 25. Ne5 Qa3 26. Rf2 b5 27. cxb5 Qb4 28. Nc6 Qxb5 29. Ne7+ Kh8 30. Qd6 Qb8 31. Rxf6 c2 32. Qxb8 Rxb8 33. Rc6 1-0

[Event "Frankfurter Stadtmeisterschaft 2026 A"]
[Site "Frankfurt am Main"]
[Date "2026.05.11"]
[Round "3.21"]
[White "Plattner, Rolf"]
[Black "Hensel, Roman"]
[Result "0-1"]
[WhiteElo "1798"]
[BlackElo "1840"]
[PlyCount "112"]
[GameId "2306481993187358"]
[EventDate "2026.04.27"]
[WhiteTeam "SC Schachmatt Weiterstadt"]
[BlackTeam "SV Oberursel"]

1. e4 c5 2. Nf3 d6 3. d4 cxd4 4. Nxd4 Nf6 5. Nc3 Nc6 6. Bg5 e6 7. f4 h6 8. Bh4 Be7 9. e5 dxe5 10. Nxc6 Qxd1+ 11. Rxd1 bxc6 12. fxe5 Nd5 13. Bxe7 Kxe7 14. Nxd5+ cxd5 15. Be2 a5 16. a4 Ba6 17. Bxa6 Rxa6 18. O-O Rc8 19. Rf2 Rc7 20. Rdf1 Kf8 21. Rd1 Rac6 22. Rdd2 Ke7 23. g3 Rc5 24. b3 f6 25. exf6+ gxf6 26. g4 e5 27. h4 Ke6 28. Rg2 Rc3 29. Kh2 Rf3 30. g5 hxg5 31. hxg5 Rh7+ 32. Kg1 f5 33. Rh2 Rg3+ 34. Rdg2 Rxg2+ 35. Kxg2 Rxh2+ 36. Kxh2 d4 37. Kg3 e4 38. Kf4 Kf7 39. b4 axb4 40. a5 d3 41. cxd3 b3 42. a6 b2 43. a7 b1=Q 44. a8=Q Qxd3 45. Qb7+ Ke6 46. Qc8+ Qd7 47. Qg8+ Qf7 48. Qc8+ Ke7 49. Qc5+ Ke8 50. Qc8+ Ke7 51. Qc7+ Kf8 52. Qd6+ Kg7 53. Qh6+ Kg8 54. g6 Qg7 55. Qg5 Qc7+ 56. Ke3 Qc1+ 0-1

[Event "Frankfurter Stadtmeisterschaft 2026 A"]
[Site "Frankfurt am Main"]
[Date "2026.05.11"]
[Round "3.22"]
[White "Graf, Michael"]
[Black "Ewers, Christian"]
[Result "0-1"]
[WhiteElo "1764"]
[BlackElo "1834"]
[PlyCount "80"]
[GameId "2306481993195551"]
[EventDate "2026.04.27"]
[WhiteTeam "SC Eschborn 1974"]
[BlackTeam "SC Hansa Dortmund e. V."]

1. Nf3 g6 2. d4 Bg7 3. Bf4 d6 4. e3 Nf6 5. h3 O-O 6. Be2 Nfd7 7. Nc3 c6 8. O-O e5 9. Bh2 Qe7 10. dxe5 dxe5 11. Qd2 e4 12. Nd4 Nb6 13. Rfd1 Re8 14. a4 a5 15. Nb3 Be5 16. Bxe5 Qxe5 17. Qd4 Qxd4 18. Rxd4 f5 19. Rad1 N8d7 20. Rd6 Ne5 21. Nc5 Nbc4 22. Rd8 Kf7 23. b3 Na3 24. Rxe8 Kxe8 25. Rc1 b6 26. N5xe4 fxe4 27. Nxe4 Ke7 28. f4 Nd7 29. c4 Ba6 30. Bf3 Rc8 31. Bg4 Rf8 32. Rd1 Rd8 33. Rxd7+ Rxd7 34. Bxd7 Kxd7 35. Nf6+ Ke7 36. Nxh7 Nxc4 37. bxc4 Bxc4 38. Ng5 b5 39. axb5 a4 40. bxc6 a3 0-1

[Event "Frankfurter Stadtmeisterschaft 2026 A"]
[Site "Frankfurt am Main"]
[Date "2026.05.11"]
[Round "3.23"]
[White "Fröhlich-Dill, Astrid"]
[Black "Lopez Fuertes, Victor"]
[Result "1/2-1/2"]
[WhiteElo "1806"]
[BlackElo "1749"]
[PlyCount "181"]
[GameId "2306481993195552"]
[EventDate "2026.04.27"]
[WhiteTeam "SV 1920 Hofheim"]
[BlackTeam "SC 1910 Höchst"]

1. d4 b6 2. e4 Bb7 3. Bd3 e6 4. Nf3 d6 5. O-O Nd7 6. Re1 Ne7 7. c4 g6 8. Nc3 Bg7 9. Be3 a6 10. Rc1 c5 11. d5 e5 12. Qd2 h6 13. a3 Nf6 14. h3 g5 15. Nh2 Bc8 16. b4 Ng6 17. bxc5 bxc5 18. Bc2 O-O 19. Rb1 Bd7 20. Rb2 Rb8 21. Reb1 Rxb2 22. Rxb2 Qc7 23. f3 Nf4 24. Nf1 N6h5 25. Kh2 Bf6 26. g4 Ng7 27. Ng3 Rb8 28. Qc1 h5 29. Qb1 Rxb2 30. Qxb2 h4 31. Nf5 Nxf5 32. exf5 Bd8 33. Bxf4 gxf4 34. Ne4 f6 35. Bd1 Be7 36. Qf2 Qb6 37. Qc2 Kf7 38. Qb3 Qc7 39. a4 Bd8 40. Qc3 Qb8 41. Qb3 Qc7 42. Nc3 Qa5 43. Ne4 Ke7 44. Qc3 Qb6 45. Bb3 Be8 46. Nf2 Bd7 47. Nd3 Qa5 48. Qc2 Be8 49. Kg2 Kd7 50. Kf1 Kc7 51. Ne1 Qb4 52. Ng2 Kb7 53. Nxh4 Qa3 54. Ng2 Ba5 55. h4 Bxa4 56. Bxa4 Qxf3+ 57. Kg1 Qxg4 58. Bc6+ Kc7 59. Qa2 Qd1+ 60. Kh2 Qd2 61. Qxd2 Bxd2 62. h5 f3 63. Nh4 e4 64. Kg1 Bg5 65. Nxf3 exf3 66. Kf2 Kd8 67. Kxf3 Ke7 68. Kg4 Kf7 69. Bd7 Ke7 70. Ba4 Kd8 71. h6 Bxh6 72. Kh5 Bf4 73. Kg6 Be5 74. Kh5 Kc7 75. Kg4 Kb6 76. Bc6 Ka5 77. Bb7 Kb6 78. Bc6 Kc7 79. Kf3 Kd8 80. Ke3 Ke7 81. Kd3 Kf7 82. Kc2 Kg7 83. Kb3 Bg3 84. Bb7 a5 85. Ka4 Be1 86. Bc6 Kh6 87. Kb5 Kg5 88. Bd7 Kf4 89. Ka4 Ke4 90. Kb3 Kd4 91. Bb5 1/2-1/2

[Event "Frankfurter Stadtmeisterschaft 2026 A"]
[Site "Frankfurt am Main"]
[Date "2026.05.11"]
[Round "3.25"]
[White "Clauss, Hendrik"]
[Black "Basedow, Marc"]
[Result "1-0"]
[WhiteElo "1778"]
[BlackElo "1635"]
[PlyCount "83"]
[GameId "2306481993211938"]
[EventDate "2026.04.27"]
[WhiteTeam "SC Bergen-Enkheim 1922"]
[BlackTeam "SC Bad Soden"]

1. d4 Nf6 2. Bg5 d5 3. Bxf6 exf6 4. e3 Bf5 5. g3 c6 6. c3 Nd7 7. Nd2 Qb6 8. Qb3 Bd6 9. Ngf3 h5 10. h4 Be6 11. Bg2 c5 12. Qc2 g6 13. O-O Qc7 14. e4 O-O 15. dxc5 Bxc5 16. Kh2 dxe4 17. Nxe4 Bf5 18. Nfd2 Be7 19. f4 Rad8 20. Qb3 Nc5 21. Qc4 Be6 22. Qe2 Nd3 23. Nb3 b6 24. Nd4 Bc4 25. b3 Ba6 26. Qe3 Nc5 27. Rf2 Nxe4 28. Bxe4 f5 29. Bg2 Bc5 30. Qd2 Bb7 31. Qb2 Rfe8 32. Rd1 Bxg2 33. Rxg2 Re4 34. Nb5 Qe7 35. Rxd8+ Qxd8 36. Qd2 Qe7 37. Kh3 a6 38. Nd4 Bxd4 39. cxd4 Re3 40. Qc2 Qd6 41. Kh2 Qxd4 42. Rd2 1-0

[Event "Frankfurter Stadtmeisterschaft 2026 A"]
[Site "Frankfurt am Main"]
[Date "2026.05.11"]
[Round "3.27"]
[White "Held, Bernhard"]
[Black "Wöhl, Torsten"]
[Result "1-0"]
[WhiteElo "1828"]
[BlackElo "1636"]
[PlyCount "39"]
[GameId "2306481993220132"]
[EventDate "2026.04.27"]
[WhiteTeam "SK 1908 Göggingen"]
[BlackTeam "SC Groß-Zimmern"]

1. d4 e6 2. c4 f5 3. a3 Nf6 4. Nc3 b6 5. Nf3 Bb7 6. Bf4 Ne4 7. e3 d6 8. Nxe4 fxe4 9. Ng5 Qf6 10. Qg4 Qf5 11. Be2 Bc8 12. Nxe4 e5 13. Qf3 Bb7 14. Nxd6+ Bxd6 15. Qxb7 exf4 16. Qxa8 O-O 17. Qd5+ Qxd5 18. cxd5 Nd7 19. e4 g6 20. Rc1 1-0

[Event "Frankfurter Stadtmeisterschaft 2026 A"]
[Site "Frankfurt am Main"]
[Date "2026.05.11"]
[Round "3.28"]
[White "Röckle, Silas"]
[Black "Eisenbeiss, Bruno"]
[Result "0-1"]
[WhiteElo "1650"]
[BlackElo "1756"]
[PlyCount "50"]
[GameId "2306481993228325"]
[EventDate "2026.04.27"]
[WhiteTeam "SF Frankfurt 1921"]

1. e4 c6 2. d4 d5 3. f3 dxe4 4. fxe4 e5 5. Nf3 Bg4 6. c3 Nd7 7. Be2 Bd6 8. O-O Ne7 9. Nbd2 b5 10. Ng5 Bxe2 11. Qxe2 Nf6 12. Kh1 h6 13. Ngf3 Ng6 14. Nb3 O-O 15. Bd2 Re8 16. dxe5 Nxe5 17. Nfd4 Neg4 18. Rxf6 Nxf6 19. Nxc6 Qb6 20. Nbd4 Rxe4 21. Qxb5 Rh4 22. h3 Ne4 23. Be1 Rf4 24. Qe2 Qxb2 25. Nc2 Qxc2 0-1